000 00407nam a2200169 a 4500
001 2319
003 CO-ViMGA
008 141112s2004 ck r 000 u spa d
040 _aCO-ViMGA
_bspa
_cCO-ViMGA
082 0 4 _a833.6 H345
100 1 _aHeine, Heinrich
_951121
245 1 0 _aSueños y canciones
260 _aBogotá :
_bAncora,
_c1996
300 _a94 p
650 1 4 _aPOESIA ALEMANA
942 _2ddc
_cBK
999 _c14420
_d14420